00431nam a2200157Ia 4500008004100000020001500041082001600056100002800072245004800100250000800148260004100156300002700197500001900224600001500243650001500258240925s9999 xx 000 0 und d a997151351x a658.562 MON aMontgomery, Douglas C. 0aIntroduction to Statistical Quality Control a4th aNew York:bJohn Wiley & Sonsc,2001. axxi,318p.bNAfPirated aIncludes Index aManagement aManagement